| 000 | 00386pam a2200145 a 4500 | ||
|---|---|---|---|
| 020 |
_a9788962783230 _c |
||
| 041 | _h | ||
| 082 |
_a617.3 _bZHA/MED |
||
| 100 | _aZHANG H.Y., MEDART. | ||
| 245 |
_aSURGICAL ATLAS OF SPINE KOREAN SPINAL NEUROSURGERY SOCIETY _hTextual Documents |
||
| 260 |
_a[s.l]: _bKOONJA PUB., _c2010. |
||
| 300 |
_a532: _bXIX; _cHB. |
||
| 930 | _a4641 | ||
| 999 |
_c799169 _d799169 |
||
| 650 | _aORTHO | ||